Statistics for Monarchs of England/Great Britain

Click here to take the quiz!

General Stats

  • This quiz has been taken 5,773 times
    (1,189 since last reset)
  • The average score is 41 of 58

Answer Stats

ReignHouseAnswer% Correct
1042-1066WessexEdward the Confessor
92%
1558-1603TudorElizabeth I
92%
1952-WindsorElizabeth II
91%
1100-1135NormandyHenry I
91%
1714-1727HanoverGeorge I
90%
1509-1547TudorHenry VIII
90%
1485-1509TudorHenry VII
90%
1422-1461 | 1470-1471LancasterHenry VI
90%
1154-1189PlantagenetHenry II
90%
1066-1087NormandyWilliam I
90%
1413-1422LancasterHenry V
90%
1820-1830HanoverGeorge IV
89%
1727-1760HanoverGeorge II
89%
1910-1936WindsorGeorge V
89%
1760-1820HanoverGeorge III
89%
1936-1952WindsorGeorge VI
88%
1399-1413LancasterHenry IV
88%
1837-1901HanoverVictoria
88%
1216-1272PlantagenetHenry III
88%
1087-1100NormandyWilliam II
88%
1483-1483YorkEdward V
87%
1272-1307PlantagenetEdward I
87%
1547-1553TudorEdward VI
87%
1307-1327PlantegenetEdward II
86%
1603-1625StuartJames I
86%
1553-1558TudorMary I
86%
1689-1702StuartWilliam III
85%
1901-1910Saxe Coburg-and GothaEdward VII
85%
1625-1649StuartCharles I
85%
1685-1688StuartJames II
84%
1660-1685StuartCharles II
84%
1461-1470 | 1471-1483YorkEdward IV
84%
1189-1199PlantagenetRichard I
84%
1327-1377PlantegenetEdward III
84%
1936-1936WindsorEdward VIII
83%
1377-1399PlantegenetRichard II
83%
1483-1485YorkRichard III
82%
1199-1216PlantagenetJohn
80%
1830-1837HanoverWilliam IV
80%
1702-1714StuartAnne
79%
1688-1694StuartMary II
78%
1135-1154BloisStephen
72%
1016-1035KnytlingaCnut the Great
39%
978-1013; 1014-1016WessexEthelred the Unread
35%
1066-1066WessexHarold Godwinson
33%
1016-1016WessexEdmund Ironside
29%
1066-1066WessexEdgar the Etheling
26%
959-975WessexEdgar the Peaceful
25%
927-939WessexAethelstan
23%
1040-1042KnytlingaHarthacnut
19%
1013-1014KnytlingaSweyn Forkbeard
17%
939-946WessexEdmund I
16%
1035-1040KnytlingaHarold Harefoot
15%
955-959WessexEadwig
14%
946-955WessexEadred
13%
975-978WessexEdward the Martyr
12%

Score Distribution

Percentile by Number Answered

Percent of People with Each Score

Your Score History

You have not taken this quiz since the last reset